000 01095nam a2200301 a 4500
001 000045881
003 DO-SdBNP
005 20171023142227.0
007 000045881
008 150526s2015 dr 000 0 spa d
020 _a9789945582192
040 _aBPMSU
_bspa
_cBPMSU
092 _axxxx
_bxxxx
100 1 _aRosario Candelier, Bruno,
_d1941-
245 1 3 _aEl aspirar del aire :
_btemas sociales, culturales y literarios /
_cBruno Rosario Candelier.
260 _aSanto Domingo :
_bBanco de Central de la Repblica Dominicana,
_c2015.
300 _a508 p. ;
_c23 cm.
490 1 _aArte y literatura
_v71
490 1 _aBanco de Central de la Repblica Dominicana
_v210
500 _aIncluye datos biográficos del autor en la solapa de la cubierta.
500 _aIncluye referencias bibliográficas y notas al pie de las páginas.
500 _aIncluye índice onomástico
830 0 _aArte y literatura.
_n71
830 0 _aBanco de Central de la Repblica Dominicana.
_n210
942 _2ddc
_cBK
945 _a Inventariado / 2017 VM
956 _aVMATEO
_b10
_c20150824
_lBPMSU
_h00151
999 _c8220
_d8220